| 000 | 00360nam a2200145Ia 4500 | ||
|---|---|---|---|
| 008 | 150301s2012 xx 000 0 und d | ||
| 082 |
_a612 _bR12W |
||
| 100 | _aWEST, JOHN B. | ||
| 245 | _aRESPIRATORY PHYSIOLOGY THE ESSENTIALS | ||
| 250 | _a9TH | ||
| 260 |
_bWOLTERS KLUWER _aINDIA _c2012 |
||
| 300 | _a200 | ||
| 650 | _aHUMAN PHYSIOLOGY | ||
| 942 |
_2ddc _cBK _01 |
||
| 999 |
_c6700 _d6700 |
||